[Event "Oslo Chess Festival 2017"]
[Site "Oslo"]
[Date "2017.10.07"]
[Round "10"]
[White "Nordquelle, Daniel"]
[Black "Mikalsen, Erlend"]
[Result "1-0"]
[WhiteElo "2203"]
[BlackElo "2322"]
[Annotator "TA"]
[PlyCount "91"]
[EventDate "2017.??.??"]
[EventType "swiss"]
[EventCountry "NOR"]
[SourceTitle "playchess.com"]
[Source "ChessBase"]
[SourceQuality "1"]

{[%evp 23,91,35,66,68,70,15,14,21,16,-7,0,3,0,0,0,0,12,0,162,155,160,130,232,159,151,164,154,143,147,154,141,156,146,159,180,197,210,211,199,199,211,206,221,185,232,207,307,305,376,303,478,479,486,488,492,484,513,497,518,518,902,954,814,662,5398,5398,4694,2702,2278,2100]} 1. e4 e5 2. Nf3 Nc6 3. Bc4 Nf6 4. d3 Bc5 5. O-O O-O 6. Nbd2 d6 7. c3 a6 8. Bb3 Ba7 9. h3 Ne7 10. Re1 Ng6 11. Nf1 Nh5 12. d4 Qe8 {LiveBook: 8 Games. C54: Giuoco Piano: 4 c3 Nf6, main lines with 5 d4 and 5 d3} (12... Nhf4 13. Ng3 Nh4 14. Bxf4 exf4 15. Nh5 c5 16. dxc5 Bxc5 17. Nxf4 Kh8 18. Nxh4 Qxh4 19. Qf3 Be6 20. Bd5 {0-1 (63) Ganguly,S (2668)-Aronian,L (2785) Doha 2016}) 13. Bc2 $146 ({Predecessor:} 13. Ne3 Nhf4 14. Nf5 Ne6 15. Be3 Nd8 16. Ng5 Ne6 17. Bxe6 fxe6 18. Qh5 h6 19. Qxg6 {1-0 (19) Areshchenko,A (2672)-Deac,B (2455) Mamaia 2015}) 13... Nhf4 14. h4 ({White should try} 14. Ne3 $14) 14... Bg4 {[#] ...Nxg2 is the strong threat.The position is equal.} 15. g3 Qc8 16. N1h2 ({Of course not} 16. gxf4 Nxh4 17. Nxh4 Bxd1 $17) 16... Nh3+ 17. Kg2 Bh5 $1 18. Qd3 c5 19. dxc5 Bxc5 20. Rf1 Nhf4+ $2 (20... a5 $11 {and Black has nothing to worry.}) 21. gxf4 $18 exf4 22. Kh1 Qh3 (22... Ne5 $16 23. Nxe5 dxe5) 23. Ng1 Qxh4 {[#]} 24. Qh3 $1 Bxf2 25. Qxh4 Bxh4 26. Bxf4 Nxf4 27. Rxf4 Bg3 28. Rff1 Rae8 29. Nhf3 Bg6 30. Ne2 Be5 31. Rad1 Bh5 32. Bb3 b5 33. Bd5 g5 34. Rd3 Bxf3+ (34... Bg4 {keeps fighting.} 35. Rd2 Bxf3+ 36. Rxf3 Kg7) 35. Rdxf3 Re7 36. Ng3 Bxg3 (36... Kh8 $142 37. Nf5 Rc7) 37. Rxg3 {White is clearly winning.} h6 38. Rf6 Kg7 39. Rgf3 Rd7 40. Kg2 a5 41. a3 b4 (41... h5 $142 42. R3f5 Rc8 43. Rxf7+ Rxf7) 42. axb4 axb4 43. cxb4 Rb8 44. Rxf7+ Rxf7 45. Rxf7+ Kg6 46. Rb7 {Precision: White = 86%, Black = 36%.} 1-0

[Event "Oslo Chess Festival 2017"]
[Site "Oslo"]
[Date "2017.10.07"]
[Round "10"]
[White "Li, Xueyi"]
[Black "Lindblom, Roar"]
[Result "1-0"]
[WhiteElo "2157"]
[BlackElo "1940"]
[Annotator "TA"]
[PlyCount "53"]
[EventDate "2017.??.??"]
[EventType "swiss"]
[EventCountry "NOR"]
[SourceTitle "playchess.com"]
[Source "ChessBase"]
[SourceQuality "1"]

{[%evp 12,53,43,42,38,45,53,4,50,49,37,35,26,18,57,28,53,43,104,84,162,168,170,168,171,163,289,227,313,261,250,248,304,272,287,276,408,337,407,408,398,401,1061,1056]} 1. d4 d5 2. c4 c6 3. Nc3 Nf6 4. e3 a6 5. Bd3 b5 6. b3 Nbd7 {D10: Slav Defence: 3 cxd5 (without early Nf3) and 3 Nc3} (6... Bg4 7. Nge2 Nbd7 8. O-O e5 9. cxd5 cxd5 10. f3 Be6 11. dxe5 Nxe5 12. Bb2 Bc5 13. Nd4 Bxd4 14. exd4 Nxd3 15. Qxd3 {0-1 (42) Cori Tello,J (2602)-Volkov,S (2591) Sitges 2016}) 7. Nf3 {LiveBook: 9 Games} g6 8. O-O Bg7 {White is slightly better.} 9. e4 $146 {Threatens to win with e5.} ({Predecessor:} 9. Bb2 O-O 10. Qc2 Re8 11. Rfd1 Bb7 12. Rac1 Qa5 13. a3 Rac8 14. c5 {1-0 (69) Kiss,P (2370)-Miranda Mesa,E (2240) Havana 2008}) 9... dxe4 10. Nxe4 O-O 11. Bg5 bxc4 12. bxc4 {[%cal Bb3c4,Bc4c5][%mdl 32]} Qc7 13. Qc1 Nxe4 14. Bxe4 f5 ({Better is} 14... e5 $14) 15. Bc2 $36 {[%mdl 2048] White is on the roll.} e5 {[#]} (15... c5 $16) 16. c5 $1 $18 e4 17. Bb3+ Kh8 18. Bf4 Qa5 {[#]} (18... Qd8 {was worth a try.}) 19. Ng5 $1 Nf6 20. Nf7+ Rxf7 21. Bxf7 Nh5 22. Bh6 Bxd4 23. Rd1 Bf6 (23... Be5 {keeps fighting.} 24. Bd2 Qc7) 24. Bb3 Qc7 {[#]} 25. Qc4 $1 {[%csl Gb3][%cal Rc4g8][%mdl 512]} Bb7 26. Rab1 Re8 (26... Bg7 $142 27. Bxg7+ Qxg7) 27. Qf7 {Precision: White = 84%, Black = 32%.} 1-0

[Event "Oslo Chess Festival 2017"]
[Site "Oslo"]
[Date "2017.10.07"]
[Round "10"]
[White "Lillevold, Frode"]
[Black "Vestby-Ellingsen, Mads"]
[Result "0-1"]
[WhiteElo "2128"]
[BlackElo "2262"]
[Annotator "TA"]
[PlyCount "88"]
[EventDate "2017.??.??"]
[EventType "swiss"]
[EventCountry "NOR"]
[SourceTitle "playchess.com"]
[Source "ChessBase"]
[SourceQuality "1"]

{[%evp 18,88,0,-4,-3,-6,2,-1,29,14,22,0,27,9,17,5,27,-46,0,0,18,19,37,23,36,23,30,27,21,28,51,0,0,0,0,0,-7,-5,0,-24,-19,-20,-25,-18,-18,-85,-87,-173,-165,-197,-204,-159,-120,-281,-270,-324,-307,-288,-241,-238,-230,-233,-181,-228,-239,-229,-144,-962,-796,-953,-953,-29986,-919]} 1. d4 Nf6 2. c4 e6 3. Nc3 Bb4 4. e3 O-O 5. Nge2 c6 (5... d5 6. a3 Be7 7. cxd5 exd5 8. Nf4 c6 9. Bd3 Na6 10. O-O Nc7 11. Qc2 Bd6 12. f3 Re8 13. Nce2 Qe7 14. Ng3 c5 15. Qf2 b6 16. Bd2 g6 17. dxc5 bxc5 {0-1 (28) Nakamura,H (2787)-Carlsen,M (2853) chess.com INT 2016}) 6. a3 {E46: Nimzo-Indian: Rubinstein: 4 e3 0-0 5 Ne2 without early Bd3} Ba5 7. Ng3 d5 8. Qc2 Nbd7 9. Be2 dxc4 10. Bxc4 {LiveBook: 18 Games} e5 11. O-O Bc7 12. Rd1 Qe8 $146 ({Predecessor:} 12... exd4 13. exd4 {½-½ (70) Brunello,S (2560)-Halkias,S (2544) Tromsoe 2014}) 13. b4 Nb6 14. Ba2 a6 15. Nce4 Nxe4 16. Nxe4 {Threatens to win with d5.} Qe7 17. Bb1 (17. Bb2 $11) 17... f5 18. Qc5 Qxc5 (18... Qd8 {feels hotter.} 19. Ba2+ Kh8 20. Ng5 Na4 21. Qxf8+ Qxf8 22. Nf7+ Kg8) 19. Nxc5 Nd5 20. Ba2 e4 21. f3 Re8 22. fxe4 fxe4 23. Bd2 Kh8 24. Bxd5 (24. Rac1 $14) 24... cxd5 $11 25. Be1 b6 26. Na4 Bd7 27. Nc3 Be6 $36 {[%mdl 2048] Black has some pressure.} 28. Rac1 Rec8 29. Bg3 Bd8 30. Rf1 Kg8 31. Rf2 (31. Kf2 $11) 31... Rc4 32. Rcf1 (32. Ne2 $17 {might work better.}) 32... Bg5 $19 33. Nd1 Rc1 34. Bf4 Bxf4 35. Rxf4 $2 (35. exf4 $17 {was the only chance.} Rac8 36. Ra2) 35... Ra1 36. Nf2 Rxa3 37. Ng4 Bxg4 38. Rxg4 Rxe3 {[%mdl 4096] Endgame KRR-KRR} 39. Rg5 Rd8 {aiming for ...Rd3.} 40. Ra1 Rb3 41. Rxa6 e3 {[%cal Rb3b1,Be4e3,Be3e2][%mdl 32] [#]} ({Much less strong is} 41... Rxb4 42. Ra7 $17) 42. h4 $2 {[%mdl 8192]} (42. Ra1 $17) 42... Rb1+ 43. Kh2 e2 44. Ra7 {[#]} g6 {Precision: White = 33%, Black = 51%.} (44... Rh1+ $142 $1 {[%mdl 512]} 45. Kxh1 e1=Q+ 46. Kh2 Qxh4+ 47. Kg1 Qxg5 48. Ra2 Qe3+ 49. Kh2 Qxd4 50. Ra3 Qxb4 51. Rh3 d4 52. Rf3 d3 53. Rf1 Qh4+ 54. Kg1 d2 55. Rd1 Re8 56. g4 Re2 57. Rb1 Qxg4+ 58. Kh1 Qg2#) 0-1

[Event "Oslo Chess Festival 2017"]
[Site "Oslo"]
[Date "2017.10.07"]
[Round "10"]
[White "Bruaset, Eivind"]
[Black "Nielsen, Andre"]
[Result "1/2-1/2"]
[WhiteElo "2012"]
[BlackElo "2162"]
[Annotator "TA"]
[PlyCount "159"]
[EventDate "2017.??.??"]
[EventType "swiss"]
[EventCountry "NOR"]
[SourceTitle "playchess.com"]
[Source "ChessBase"]
[SourceQuality "1"]

{[%evp 17,159,4,2,-26,60,65,69,61,55,25,0,0,0,0,55,-25,19,-12,73,-22,0,-7,-7,-10,-15,-20,-20,-22,-19,-68,-6,-16,0,0,0,-11,19,-8,-14,-8,-8,-269,-256,-231,25,-6,-10,-93,-6,-103,-113,-354,-364,-735,-357,-522,-513,-617,-68,-58,-57,-117,-112,-85,-16,-101,-22,-18,-10,-191,0,0,0,-44,-43,-51,-51,-46,-49,-51,-42,-297,0,-514,-508,-508,-508,-842,-508,-501,-465,-29972,-29973,-29973,-29975,-29974,-29974,-29967,-29959,-29974,-29970,-29962,-11168,-4903,-4570,-1995,-79,-79,-79,-79,0,0,0,-79,-79,-79,-79,-79,-79,-79,-79,-80,-79,-79,-79,-79,-79,-79,-79,-79,-79,-79,-79,-79,-79,-79,-79,-78,-77,-75,-75,-75,-75,-78]} 1. e4 e5 2. Nc3 Nf6 3. f4 d5 4. fxe5 Nxe4 5. Qf3 Nc6 6. Bb5 {C29: Wiener Partie} Nxc3 7. dxc3 Qh4+ 8. g3 Qe4+ 9. Qxe4 dxe4 {LiveBook: 6 Partien} 10. Bf4 g6 $146 (10... Bd7 $11) ({Vorgänger:} 10... h6 11. Ne2 g5 12. Be3 Bg7 13. Nd4 Bd7 {1-0 (34) Nakamura,H (2658)-Yermolinsky,A (2511) Stillwater 2007}) 11. Ne2 $14 a6 12. Bxc6+ bxc6 13. Bg5 Bg7 14. Bf6 O-O 15. Nd4 Re8 (15... Bd7 $11) 16. O-O (16. Nxc6 $14 Bb7 17. Na5) 16... Bh6 17. Rfe1 e3 (17... Rb8 $11) 18. Nf3 (18. Nxc6 $16 Bb7 19. Nb4) 18... Rb8 19. b3 c5 20. Ng5 Rb6 21. h4 $1 Bg4 22. Kg2 {[#]} c4 $1 {[%mdl 512]} 23. Rab1 (23. bxc4 Rb2) 23... Rc6 (23... e2 $15 24. bxc4 Rc6) 24. b4 $1 $11 Rb6 25. a4 Bf5 26. Re2 a5 27. Kf3 (27. e6 $5 Bxe6 28. Nxe6 Rbxe6 29. Bd4 $11) 27... Bf8 $36 {[%mdl 2048] Schwarz drückt.} 28. g4 Bc8 $1 {[%cal Rc8b7]} 29. b5 $2 {[%mdl 8192]} (29. Ne4 $11) 29... Bb7+ 30. Kg3 {[#]} c6 $2 (30... Rxf6 $1 $19 {[%mdl 512]} 31. exf6 Bd6+ 32. Kh3 h6) 31. Rd1 cxb5 32. Rd7 (32. Bd8 $11 {bleibt in der Remisbreite.} Rc6 33. axb5) 32... bxa4 (32... Bc8 $17 33. e6 Rexe6 34. Nxe6 Bxd7 35. Nxf8 Kxf8) 33. h5 (33. e6 $1 $11 Rexe6 34. Nxe6 Rxe6 35. Rxb7 Rxf6 36. Ra7) 33... gxh5 $17 34. gxh5 $2 (34. e6 $17 Rexe6 35. Nxe6 Rxe6 36. Rxb7 Rxf6 37. Rxe3) 34... h6 $19 35. Nxf7 $2 (35. Nf3 Bc5 36. Kf4) 35... Bc6 (35... a3 $142 36. Rxe3 Bc8) 36. Rc7 (36. Ra7 $142 Ra8 37. Rc7) 36... Bd5 37. Kf4 {Mit der Idee Te1.} Rb7 $2 (37... Rb1 $19 38. Rd7 Rf1+ 39. Kg3 Be6) 38. Rxb7 $15 Bxb7 39. Nd8 (39. Nd6 $15 Bxd6 40. exd6) 39... Bd5 $17 40. Rxe3 a3 (40... Bc5 $1 $17 {[%cal Rc5e3]} 41. Re1 a3) 41. Re1 (41. Rg3+ $11 {hält das Gleichgewicht.} Kh7 42. Rg1) 41... Kh7 (41... a2 $17 {Und weiter mit ...Lg7 wäre nett.} 42. Rg1+ Kh7) 42. Rd1 $11 a2 43. Ra1 $2 (43. Rg1 $1 $11) 43... Be7 $2 (43... Bg7 $19 44. Bxg7 Kxg7 45. Rxa2 Rf8+ 46. Kg3 Rxd8 47. Rxa5 Rd7) 44. Bxe7 Rxe7 45. Rxa2 {[%mdl 4096] Endspiel KTL-KTS} (45. e6 $5) 45... Re8 46. e6 $1 Rxd8 $15 {KTL-KT} 47. Ke5 $1 Bf3 {zielt auf ...Ta8 ab.} 48. Rxa5 Bxh5 {...Kg6 ist eine echte Drohung.} 49. e7 $2 {[%mdl 8192]} (49. Kf6 $1 $15 Bg4 50. e7 Rd6+ 51. Kf7 Be6+ 52. Kf8) 49... Re8 $2 (49... Rd2 $19 50. Ke6 Re2+ 51. Kd6 Bf7) 50. Ke6 $2 {[%mdl 8192]} (50. Kf6 $11 {und Weiss steht sicher.} Bg6 51. Ra7) 50... Bg6 $19 51. Rd5 Kg7 {Und ...Lf7+ würde nun gewinnen.} 52. Kd7 (52. Rd4 $142 h5 53. Rh4) 52... Rh8 53. Rd4 h5 {[%cal Bh6h5,Bh5h4,Bh4h3,Bh3h2][%mdl 32]} 54. Rxc4 (54. Rh4 $19) 54... h4 55. Rf4 h3 56. Rf1 h2 57. Rh1 Kf6 58. c4 Rh7 59. Kd6 Be8 60. c5 Rh4 61. c6 {[#]} Rd4+ $2 (61... Rh6 $1 $19 62. c7 Kf7+ 63. Kd5 Bc6+ 64. Ke5 Bb7) 62. Kc5 $17 Rd2 63. c7 Rxc2+ (63... Kxe7 $17 64. c8=Q Rxc2+ 65. Kd4 Rxc8 66. Rxh2 Rd8+ 67. Kc3 Bf7) 64. Kb6 $1 $11 Kxe7 {[#]} 65. c8=Q (65. Rxh2 $1 $11 {[%mdl 512]} Rc6+ (65... Rxh2 66. c8=Q) 66. Kb7) 65... Rxc8 $17 {Schwarz steht besser.} 66. Rxh2 Rc6+ 67. Kb7 Rc1 68. Kb6 Bd7 69. Rd2 Rc6+ 70. Ka5 Kd8 71. Kb4 Kc7 72. Rd3 Rb6+ 73. Kc5 Rb5+ 74. Kc4 Rh5 {Droht stark ...Lb5+.} 75. Re3 Kd6 76. Rd3+ Kc6 77. Kd4 Be6 78. Ra3 Rh4+ 79. Ke5 Rh6 80. Ke4 {Precision: Weiß = 28%, Schwarz = 47%.} 1/2-1/2

[Event "Oslo Chess Festival 2017"]
[Site "Oslo"]
[Date "2017.10.07"]
[Round "10"]
[White "Abdrlauf, Elham"]
[Black "Kyrkjebo, Erlend"]
[Result "1/2-1/2"]
[WhiteElo "1990"]
[BlackElo "2122"]
[Annotator "TA"]
[PlyCount "113"]
[EventDate "2017.??.??"]
[EventType "swiss"]
[EventCountry "NOR"]
[SourceTitle "playchess.com"]
[Source "ChessBase"]
[SourceQuality "1"]

{[%evp 18,113,43,39,64,60,89,71,87,81,86,41,48,39,26,29,201,210,196,151,150,165,177,68,67,0,-28,-25,44,44,37,39,36,24,41,39,46,9,0,4,123,122,115,112,98,20,18,16,81,0,0,0,0,0,0,-8,16,8,8,0,0,0,0,0,0,0,0,0,0,0,3796,3796,1379,1379,565,0,0,0,0,0,0,0,0,0,0,0,0,0,0,0,0,0,0,0,0,0,0,0]} 1. d4 Nf6 2. Nf3 g6 3. c4 Bg7 4. Nc3 O-O 5. e4 d6 6. Be2 Nbd7 7. h3 e5 8. d5 Nc5 9. Qc2 a5 10. Be3 Nfd7 {E93: King's Indian: Classical: Petrosian System with 7...Nbd7} (10... Nh5 11. g3 f5 12. Bxc5 dxc5 13. Nd2 Nf6 14. Bd3 Ne8 15. O-O-O f4 16. g4 f3 17. Rdg1 Bh6 18. Kb1 {½-½ (48) Eingorn,V (2525)-Kozul,Z (2614) Bad Wiessee 2015}) 11. g4 Qe7 12. O-O-O Nb6 {White is better.} 13. Rdg1 $146 ({Predecessor:} 13. g5 Bd7 14. Bxc5 dxc5 15. h4 f6 16. Qd3 fxg5 17. hxg5 {½-½ (41) Grabner,H (2316)-Pichushkin,V (2277) ICCF email 2014}) 13... c6 14. Bxc5 (14. Nd2 {is interesting.} Bd7 15. Bxc5 dxc5 16. h4 a4 17. a3) 14... dxc5 15. h4 {[%cal Bh3h4,Bh4h5,Bh5h6][%mdl 32]} cxd5 16. cxd5 f5 $2 (16... a4 $11) 17. gxf5 $18 gxf5 18. h5 Kh8 19. h6 Bf6 20. exf5 ({White should try} 20. Bb5 $18) 20... e4 $14 21. d6 ({Weaker is} 21. Nxe4 Bxf5 22. Nfd2 Nxd5 $17) (21. Qxe4 $14 Qxe4 22. Nxe4) 21... Qxd6 $11 22. Qxe4 Bxc3 (22... Bd7 $1 $11) 23. bxc3 $14 {Qg4 is the strong threat.} Bxf5 24. Qe5+ $1 ({Much worse is} 24. Qxb7 Nd7 $17) 24... Qxe5 25. Nxe5 {Black must now prevent Rg7.} Rae8 26. f4 Nd7 27. Nxd7 Bxd7 28. Bd3 Re7 {[#]} (28... Be6 $11) 29. Rg7 $1 $16 {[%mdl 512]} Rff7 (29... Rxg7 30. hxg7+) 30. Rxf7 Rxf7 {[%mdl 4096] Endgame KRB-KRB} 31. Rg1 (31. Re1 $16) 31... Be6 $1 $11 32. f5 Bd5 ({Not} 32... Bxf5 $2 33. Bc4 $18) (32... Bxa2 $11 33. c4 a4) 33. c4 ({Better is} 33. Re1 $16 {Threatening mate with Re8+.} Kg8 34. Re8+ Rf8 35. Re5 Bxa2 36. Rxc5) 33... Bc6 $1 34. Kd2 Rf6 35. Ke3 Rxh6 36. Kf4 Rd6 37. Bb1 {Black should prevent Ke5.} Rd8 $1 38. Ke5 {Hoping for f6.} Rg8 $1 {[%cal Rg8g1]} 39. Rf1 Kg7 40. f6+ Kf7 41. Bxh7 Re8+ 42. Kd6 {Threatens to win with Bg6+!} Re6+ 43. Kxc5 {White wants to play Bg6+.} Rxf6 $2 {[%mdl 8192]} (43... b6+ $11 44. Kd4 Rxf6) 44. Bg8+ $1 $18 Ke7 {[#]} 45. Rxf6 $1 Kxf6 {[#]} 46. Bd5 $2 (46. Kd6 $1 $18) 46... Bxd5 $11 {The position is equal.} 47. cxd5 {[%cal Bc4d5,Bd5d6][%mdl 32] Strongly threatening Kd6. KPP-KPP} Ke7 $1 48. d6+ Kd8 49. a4 Kd7 50. Kd5 b6 51. Ke5 {[#]} b5 $1 {[%cal Rb5b4][%mdl 512]} 52. axb5 {Intending Kd5 and mate.} a4 53. b6 a3 $1 {[%cal Ra3a2] And now ...a2 would win.} 54. b7 a2 55. b8=Q {White threatens Qc7+ and mate.} a1=Q+ 56. Kf5 {White wants to mate with Qc7+.} Qf1+ 57. Ke4 {Precision: White = 59%, Black = 57%.} 1/2-1/2

[Event "Oslo Chess Festival 2017"]
[Site "Oslo"]
[Date "2017.10.07"]
[Round "10"]
[White "Huse, Sigurd Kjelsbol"]
[Black "Risting, Eivind Olav"]
[Result "0-1"]
[WhiteElo "1888"]
[BlackElo "2335"]
[Annotator "TA"]
[PlyCount "82"]
[EventDate "2017.??.??"]
[EventType "swiss"]
[EventCountry "NOR"]
[SourceTitle "playchess.com"]
[Source "ChessBase"]
[SourceQuality "1"]

{[%evp 19,82,18,35,-14,-14,-27,7,-26,-21,-10,-10,-29,0,-46,-78,-58,-88,-104,-16,-6,16,-10,0,-59,-18,-84,-61,-71,-82,-85,-61,-163,-103,-227,-199,-209,-163,-275,-283,-274,-274,-396,-406,-425,-426,-402,-391,-397,-394,-406,-400,-475,-457,-445,-408,-662,-673,-901,-891,-1929,-991,-29991,-29992,-29997,-29998]} 1. e4 c6 2. Nf3 d5 3. Nc3 Nf6 4. e5 Ne4 5. Ne2 Qb6 6. d4 {B11: Caro-Kann: Two Knights Variation} e6 7. Nfg1 (7. Ng3 c5 8. Bd3 Nc6 9. Nxe4 dxe4 10. Bxe4 cxd4 11. O-O Bd7 12. a3 h6 13. Re1 {1-0 (71) Short,N (2675)-Caruana,F (2827) Caleta 2017}) 7... f6 8. f3 Ng5 9. exf6 gxf6 10. f4 Nf7 {LiveBook: 38 Games} 11. Ng3 c5 12. Nf3 $146 ({Predecessor:} 12. Nh5 Be7 13. c3 cxd4 14. cxd4 {½-½ (50) Bartel,M (2664)-Salgado Lopez,I (2622) Wroclaw 2014}) 12... Nc6 {[%cal Rc5d4]} 13. Nh5 Be7 {[%cal Rc5d4]} 14. dxc5 Qxc5 15. c3 Bd7 16. Qe2 O-O-O 17. Be3 Qa5 18. Qb5 {[#]} Qxb5 (18... Qc7 $1 $17 {White must now prevent ...d4!} 19. Qb3 Nh6) 19. Bxb5 $11 e5 20. fxe5 fxe5 21. Ng3 (21. O-O $11) 21... h5 $15 {[%cal Bh7h5,Bh5h4][%mdl 32]} 22. O-O-O (22. O-O $11 {remains equal.}) 22... a6 23. Ba4 h4 24. Ne2 Rhg8 25. Bb6 ({Better is} 25. Rhg1 $15) 25... Rdf8 $36 {[%mdl 2048] Black is really pushing.} (25... Rxg2 $19 26. Bxd8 Bxd8) 26. Rhg1 (26. Rxd5 $17 {is a better defense.} Rxg2 27. Re1) 26... e4 $19 27. Nfd4 Nfe5 {...Nc4 is the strong threat.} 28. Nxc6 (28. Bb3 $142) 28... bxc6 {[%cal Bb7c6,Bc6c5,Bc5c4,Bc4d3][%mdl 32]} (28... Bxc6 29. Bb3 $17) 29. Bd4 Nd3+ 30. Kb1 (30. Kc2 $142) 30... c5 31. Bxd7+ Kxd7 32. Be3 Bg5 33. Bxg5 Rxg5 34. Nc1 c4 35. Nxd3 cxd3 {[%mdl 4096] Endgame KRR-KRR} ({Less strong is} 35... exd3 36. Kc1 $17) 36. Kc1 Kd6 37. b4 (37. Rd2 $142) 37... Rg7 38. a4 Rc7 39. Rdf1 Rxc3+ 40. Kd2 Rc2+ 41. Ke3 {[#]} Ke5 $1 {[%mdl 512] Precision: White = 21%, Black = 62%.} 0-1